000 01856nam a2200265 4500
005 20160418081959.0
008 160418s1868 fr |||fr|||| 001 0bspa d
040 _aCO-BoUCM
_bspa
_cSandra Yazo
_dSandra Yazo
041 0 _aspa
082 0 4 _220
_a922.22
092 _aE39N032
100 1 _aRémusat, Charles de
_d1797-1875
_976651
242 0 0 _aSan Anselmo de Canterbury
_bCuadro de la vida monástica y de las luchas entre el poder espiritual y el poder civil durante el siglo XI
_cpor Carlos de Rémusat
_yspa
245 1 0 _aSaint Anselme de Cantorbéry.
_bTableau de la vie monastique et de la lutte du pouvoir spirituel avec le pouvoir temporel au onzième siècle
_cpar Charles de Rémusat
_pspa
260 _aParís (Francia)
_bDidier et Cie., Libraires-Éditeurs. [Didier y Compañía, libreros-editores]
_bImpr. De P. Bourdier, Capiomont fils et Cie. [Imprenta de P. Bourdier, Capiomont hijo y Compañía]
_c1868
300 _a481 páginas
_c19 x 12 cm.
500 _aEncuadernación rígida en cartón forrado en tela texturizada, con recuadros repujados en ambas tapas. Lomo con repujados y adornos en dorado. Guardas. Anteportada. Portada impresa en una sola tinta con la marca tipográfica de los editores. Texto impreso en una sola columna. Notas al píe de página. Índice. Papel muy manchado. Bordes de página con bordes irregulares. Varias hojas sueltas entre ellas anteportada, portada e iniciales principio
505 1 _aLibro I - II: Biografía de San Anselmo de Canterbury -- Las obras de San Anselmo y su doctrina: El Monologion y el Proslogion
506 _aConsulta en sala
600 1 _a Anselmo,
_qSanto, Arzobispo de Canterbury‏
_976652
650 7 _910109
_aBiografía religiosa
650 7 _925243
_aTeología y filosofía
_zInglaterra
690 _aTeología
_925230
942 _2LOCAL
_cLIBRO
_e1
_hE39N032
999 _c303237
_d303237